Deportación y violación de los derechos del migrante en ambas fronteras /
שמור ב:
| מחבר ראשי: | |
|---|---|
| מחברים אחרים: | |
| פורמט: | ספר |
| שפה: | Spanish |
| תגים: |
הוספת תג
אין תגיות, היה/י הראשונ/ה לתייג את הרשומה!
|
MARC
| LEADER | 00000nam a22000007a 4500 | ||
|---|---|---|---|
| 003 | cru CIDCACS/IIS | ||
| 005 | 20170817112410.0 | ||
| 007 | ta | ||
| 008 | 170817s2015 mx |||||r|||| 00| 0 spa d | ||
| 999 | |c 40288 |d 40288 | ||
| 040 | |c cru CIDCACS/IIS | ||
| 100 | 1 | |9 5231 |a Querrero-Ortiz, Martha | |
| 245 | 1 | |a Deportación y violación de los derechos del migrante en ambas fronteras / |c Martha Querrero-Ortiz, Martha Cecilia Jaramillo-Cardona | |
| 300 | |a páginas 85-106: | ||
| 700 | 1 | |9 5232 |a Jaramillo-Cardona, Martha Cecilia | |
| 773 | 0 | |0 40285 |9 1106 |a Universidad Autónoma del Estado de México. |d México: Universidad Autónoma del Estado de México, 1993- |o 18285 |t Convergencia: |x 14051435 | |
| 942 | |2 ddc |c PP | ||
